[Event "Llinars del Valles op-B 13th"]
[Site "Llinars del Valles"]
[Date "2019.04.27"]
[Round "3"]
[White "Cobos Navarro, Jorge"]
[Black "Ribalta Bertran, Esteve"]
[Result "0-1"]
[WhiteElo "1559"]
[BlackElo "1691"]
[PlyCount "84"]
[EventDate "2019.03.30"]
[EventType "swiss"]
[EventRounds "8"]
[EventCountry "ESP"]
[SourceTitle "EXT 2020"]
[Source "ChessBase"]
[SourceDate "2019.10.17"]
[SourceVersion "1"]
[SourceVersionDate "2019.10.17"]
[SourceQuality "1"]

1. e4 e6 2. Nf3 d5 3. e5 c5 4. b4 d4 5. bxc5 Bxc5 6. Bd3 Ne7 7. Ba3 Qa5 8. Bxc5 Qxc5 9. c3 Nbc6 10. Qe2 Ng6 11. Bxg6 hxg6 12. cxd4 Nxd4 13. Nxd4 Qxd4 14. Nc3 Rh5 15. 0-0 Qxe5 16. Qxe5 Rxe5 17. Rab1 Rc5 18. Ne4 Rd5 19. Rfc1 Kd8 20. Rb2 b6 21. Rbc2 Ba6 22. f3 Rc8 23. Rxc8+ Bxc8 24. Kf2 Ba6 25. Ke3 Rd3+ 26. Kf4 f6 27. Rc2 Kd7 28. h4 Rd4 29. Ke3 e5 30. g3 Bd3 31. Rc3 Bxe4 32. fxe4 b5 33. g4 Rc4 34. Kd3 Rxc3+ 35. Kxc3 Kc6 36. d4 exd4+ 37. Kxd4 Kd6 38. g5 a5 39. a3 b4 40. gxf6 gxf6 41. axb4 axb4 42. Kc4 Ke5 0-1

[Event "Maresme op 15th"]
[Site "Maresme"]
[Date "2018.11.17"]
[Round "7"]
[White "Ribalta Bertran, Esteve"]
[Black "Garcia Argemi, Josep"]
[Result "1-0"]
[WhiteElo "1708"]
[BlackElo "1660"]
[PlyCount "59"]
[EventDate "2018.09.29"]
[EventType "swiss"]
[EventRounds "9"]
[EventCountry "ESP"]
[SourceTitle "EXT 2024"]
[Source "ChessBase"]
[SourceDate "2023.10.10"]
[SourceVersion "1"]
[SourceVersionDate "2023.10.10"]
[SourceQuality "1"]

1. e4 c5 2. Nf3 d6 3. d4 cxd4 4. Nxd4 Nf6 5. Nc3 g6 6. Be3 Bg7 7. Bc4 0-0 8. f3 Nc6 9. Qd2 Bd7 10. 0-0-0 Rc8 11. Bb3 Ne5 12. Bh6 Nc4 13. Bxc4 Rxc4 14. Bxg7 Kxg7 15. h4 h5 16. Rdf1 Qa5 17. Nb3 Qc7 18. Nd1 Ba4 19. Kb1 Bxb3 20. cxb3 Rc6 21. Ne3 Rc8 22. g4 hxg4 23. h5 Kf8 24. hxg6 fxg6 25. fxg4 Ke8 26. Rxf6 Rc1+ 27. Rxc1 Qxc1+ 28. Qxc1 Rxc1+ 29. Kxc1 exf6 30. Kd2 1-0

[Event "Maresme op 15th"]
[Site "Maresme"]
[Date "2018.10.06"]
[Round "2"]
[White "Ribalta Bertran, Esteve"]
[Black "Busom Isach, Carlos"]
[Result "0-1"]
[WhiteElo "1708"]
[BlackElo "2057"]
[PlyCount "64"]
[EventDate "2018.09.29"]
[EventType "swiss"]
[EventRounds "9"]
[EventCountry "ESP"]
[SourceTitle "EXT 2020"]
[Source "ChessBase"]
[SourceDate "2019.10.17"]
[SourceVersion "1"]
[SourceVersionDate "2019.10.17"]
[SourceQuality "1"]

1. e4 d6 2. d4 g6 3. c4 e5 4. dxe5 dxe5 5. Qxd8+ Kxd8 6. a3 Be6 7. Nf3 f6 8. Nc3 Nd7 9. Be3 c6 10. Be2 Bh6 11. Bxh6 Nxh6 12. Nd2 Nf7 13. 0-0 Rc8 14. Rfd1 Ke8 15. f3 Kf8 16. Rac1 Kg7 17. Na4 b6 18. b4 c5 19. b5 f5 20. Nc3 Nf6 21. Nd5 Bxd5 22. exd5 Nd6 23. Re1 Rhe8 24. Nb3 Re7 25. a4 Rce8 26. a5 g5 27. axb6 axb6 28. Ra1 e4 29. Ra6 exf3 30. Rxb6 Rxe2 31. Ra1 Rxg2+ 32. Kf1 Ng4 0-1

[Event "Llinars del Valles op-A 12th"]
[Site "Llinars del Valles"]
[Date "2018.06.02"]
[Round "7"]
[White "Ribalta Bertran, Esteve"]
[Black "Garcia Gil, Oriol"]
[Result "1-0"]
[WhiteElo "1770"]
[BlackElo "1610"]
[PlyCount "81"]
[EventDate "2018.04.14"]
[EventType "swiss"]
[EventRounds "8"]
[EventCountry "ESP"]
[SourceTitle "CBM 184 Extra"]
[Source "ChessBase"]
[SourceDate "2018.06.28"]
[SourceVersion "1"]
[SourceVersionDate "2018.06.28"]
[SourceQuality "1"]

1. e4 c5 2. Nf3 g6 3. d4 cxd4 4. Nxd4 Bg7 5. Nc3 Nc6 6. Be3 Nf6 7. Qd2 0-0 8. f3 d5 9. 0-0-0 dxe4 10. fxe4 Bg4 11. Nxc6 Qxd2+ 12. Rxd2 bxc6 13. Bc5 Rfe8 14. Be3 a5 15. Bc4 Rad8 16. Rf1 Rxd2 17. Bxd2 Rd8 18. Be3 e5 19. h3 Be6 20. Bxe6 fxe6 21. g4 h6 22. Bb6 Ra8 23. Rd1 Bf8 24. a3 Be7 25. Bc7 Ra7 26. Bxe5 Nd7 27. Bf4 g5 28. Be3 Rb7 29. Bd4 c5 30. Bf2 Ne5 31. Na4 Rb5 32. Nc3 Rb7 33. Na4 Rb5 34. Bg3 Nc4 35. Rd3 Rb7 36. Rc3 Nb6 37. Nxc5 Bxc5 38. Rxc5 Na4 39. Rc8+ Kh7 40. b3 Nb6 41. Re8 1-0

[Event "Llinars del Valles op-A 12th"]
[Site "Llinars del Valles"]
[Date "2018.05.19"]
[Round "5"]
[White "Ribalta Bertran, Esteve"]
[Black "Parra Ordorica, Gorka"]
[Result "0-1"]
[WhiteElo "1770"]
[BlackElo "1798"]
[PlyCount "80"]
[EventDate "2018.04.14"]
[EventType "swiss"]
[EventRounds "8"]
[EventCountry "ESP"]
[SourceTitle "CBM 184 Extra"]
[Source "ChessBase"]
[SourceDate "2018.06.28"]
[SourceVersion "1"]
[SourceVersionDate "2018.06.28"]
[SourceQuality "1"]

1. e4 c5 2. Nf3 e6 3. d4 cxd4 4. Nxd4 a6 5. c4 Qc7 6. Be2 b6 7. 0-0 Bb7 8. f3 Nf6 9. Nc3 d6 10. Be3 Nbd7 11. Rc1 Rc8 12. Qe1 Be7 13. Qf2 0-0 14. Rfd1 Qb8 15. b3 Bd8 16. Bd3 Bc7 17. Qh4 Ne5 18. Bb1 Ng6 19. Qh3 d5 20. exd5 exd5 21. cxd5 Nxd5 22. Nxd5 Bxd5 23. Nf5 Rfd8 24. Bg5 f6 25. Nh4 Bf7 26. Be3 Bf4 27. Bxf4 Nxf4 28. Qf5 Ne2+ 29. Kf2 Nxc1 30. Qxh7+ Kf8 31. Re1 Re8 32. Be4 Qd6 33. Nf5 Qd2+ 34. Kf1 Qg5 35. Nd6 Nd3 36. Rd1 Rc1 37. Rxc1 Qxc1+ 38. Ke2 Nf4+ 39. Kf2 Qd2+ 40. Kg3 Qxd6 0-1

[Event "Llinars del Valles op-A 12th"]
[Site "Llinars del Valles"]
[Date "2018.05.05"]
[Round "4"]
[White "Romero Perera, Eugeni"]
[Black "Ribalta Bertran, Esteve"]
[Result "1-0"]
[WhiteElo "1978"]
[BlackElo "1770"]
[PlyCount "45"]
[EventDate "2018.04.14"]
[EventType "swiss"]
[EventRounds "8"]
[EventCountry "ESP"]
[SourceTitle "CBM 184 Extra"]
[Source "ChessBase"]
[SourceDate "2018.06.28"]
[SourceVersion "1"]
[SourceVersionDate "2018.06.28"]
[SourceQuality "1"]

1. d4 Nf6 2. Nf3 e6 3. g3 b6 4. Bg2 Bb7 5. 0-0 Be7 6. c4 0-0 7. Nc3 d6 8. Qc2 Nbd7 9. Rd1 Qc8 10. b3 Re8 11. Bb2 Bf8 12. Rac1 e5 13. d5 g6 14. Nd2 Qd8 15. b4 Bc8 16. Nb3 h5 17. c5 Ng4 18. h3 Nh6 19. cxd6 Bxd6 20. Ne4 Nf6 21. Nxf6+ Qxf6 22. Qc6 Rb8 23. Qxe8+ 1-0

[Event "Llinars del Valles op 11th"]
[Site "Llinars del Valles"]
[Date "2017.05.20"]
[Round "5"]
[White "Ribalta Bertran, Esteve"]
[Black "Borges de Clasca, Pol"]
[Result "1-0"]
[WhiteElo "1770"]
[BlackElo "1477"]
[PlyCount "95"]
[EventDate "2017.04.22"]
[EventType "swiss"]
[EventRounds "9"]
[EventCountry "CAT"]
[SourceTitle "EXT 2018"]
[Source "ChessBase"]
[SourceDate "2017.10.13"]
[SourceVersion "1"]
[SourceVersionDate "2017.10.13"]
[SourceQuality "1"]

1. e4 e6 2. b3 d5 3. Bb2 c5 4. exd5 exd5 5. Qf3 Nc6 6. g3 Be6 7. Nh3 Nge7 8. Nf4 Qd7 9. Nxe6 Qxe6+ 10. Qe3 Nf5 11. Qxe6+ fxe6 12. Na3 e5 13. 0-0-0 0-0-0 14. Bh3 g6 15. f4 Bg7 16. Rhf1 Rhf8 17. Rde1 Rde8 18. fxe5 Bxe5 19. Bxe5 Nxe5 20. Nb5 Kb8 21. Kd1 a6 22. Nc3 d4 23. Na4 d3 24. cxd3 Nxd3 25. Rxe8+ Rxe8 26. Bxf5 gxf5 27. Rxf5 Re1+ 28. Kc2 Nb4+ 29. Kb2 a5 30. a3 Na6 31. Nxc5 Nxc5 32. Rxc5 Re2 33. Rh5 a4 34. bxa4 Rxd2+ 35. Kc3 Rd7 36. g4 Kc7 37. h4 Kd8 38. Rg5 Ke8 39. h5 Kf7 40. Rf5+ Ke6 41. h6 Re7 42. Rb5 Kf6 43. g5+ Kf7 44. Kb4 Kg6 45. Ka5 Re3 46. Rxb7 Rxa3 47. Rg7+ Kf5 48. Kb5 1-0

[Event "Llinars del Valles op 11th"]
[Site "Llinars del Valles"]
[Date "2017.04.22"]
[Round "1"]
[White "Ribalta Bertran, Esteve"]
[Black "Ayats Llobera, Gerard"]
[Result "0-1"]
[WhiteElo "1770"]
[BlackElo "2246"]
[PlyCount "74"]
[EventDate "2017.04.22"]
[EventType "swiss"]
[EventRounds "9"]
[EventCountry "CAT"]
[SourceTitle "EXT 2018"]
[Source "ChessBase"]
[SourceDate "2017.10.13"]
[SourceVersion "1"]
[SourceVersionDate "2017.10.13"]
[SourceQuality "1"]

1. d4 Nf6 2. Nf3 g6 3. c4 Bg7 4. Nc3 d5 5. cxd5 Nxd5 6. Bd2 0-0 7. e4 Nb6 8. Be3 Bg4 9. Qd2 Nc6 10. d5 Bxf3 11. gxf3 Ne5 12. Qd1 e6 13. f4 Nec4 14. Bxc4 Nxc4 15. Bc5 Nxb2 16. Qc2 Bxc3+ 17. Qxc3 Na4 18. Qc4 Nxc5 19. Qxc5 exd5 20. Qxd5 Qxd5 21. exd5 Rfe8+ 22. Kf1 Rad8 23. Rc1 Re7 24. Kg2 Rxd5 25. Rhd1 Rxd1 26. Rxd1 Re2 27. Rd7 Rxa2 28. Rxc7 Rb2 29. h4 a5 30. f5 gxf5 31. h5 Kg7 32. h6+ Kxh6 33. Rxf7 Kg6 34. Rf8 a4 35. Rg8+ Kf7 36. Ra8 b5 37. Ra6 Rb3 0-1

[Event "Mataro Maresme op-A 13th"]
[Site "Mataro"]
[Date "2016.11.05"]
[Round "5"]
[White "Ribalta Bertran, Esteve"]
[Black "Gonzalez Moreno, Antoni"]
[Result "0-1"]
[WhiteElo "1750"]
[BlackElo "1805"]
[PlyCount "56"]
[EventDate "2016.10.08"]
[EventType "swiss"]
[EventRounds "9"]
[EventCountry "ESP"]
[SourceTitle "EXT 2018"]
[Source "ChessBase"]
[SourceDate "2017.10.13"]
[SourceVersion "1"]
[SourceVersionDate "2017.10.13"]
[SourceQuality "1"]

1. d4 d5 2. c4 e6 3. Nf3 Nf6 4. g3 Be7 5. Bg2 c6 6. 0-0 Nbd7 7. b3 0-0 8. Bb2 Re8 9. Nbd2 Bd6 10. Ne5 Qc7 11. Ndf3 Nf8 12. Qc2 Ng6 13. Nxg6 hxg6 14. Ne5 Bxe5 15. dxe5 Ng4 16. cxd5 exd5 17. Bxd5 Nxe5 18. Qc3 Qe7 19. Bc4 b5 20. Bd3 f6 21. Be4 Bb7 22. e3 c5 23. Bg2 Bxg2 24. Kxg2 Rad8 25. Rad1 Qb7+ 26. Kh3 Kf7 27. Rxd8 Rxd8 28. g4 Qf3+ 0-1

[Event "Mataro Maresme op-A 13th"]
[Site "Mataro"]
[Date "2016.10.08"]
[Round "1"]
[White "Ribalta Bertran, Esteve"]
[Black "Minguell Soler, Joan"]
[Result "1/2-1/2"]
[WhiteElo "1750"]
[BlackElo "2022"]
[PlyCount "62"]
[EventDate "2016.10.08"]
[EventType "swiss"]
[EventRounds "9"]
[EventCountry "ESP"]
[SourceTitle "EXT 2018"]
[Source "ChessBase"]
[SourceDate "2017.10.13"]
[SourceVersion "1"]
[SourceVersionDate "2017.10.13"]
[SourceQuality "1"]

1. d4 Nf6 2. c4 g6 3. Nc3 d5 4. cxd5 Nxd5 5. Bd2 Bg7 6. e4 Nxc3 7. Bxc3 Nd7 8. Bc4 0-0 9. Ne2 Nf6 10. f3 c6 11. Qd2 b5 12. Ba5 Qd7 13. Bb3 Bb7 14. Rd1 Rac8 15. Qe3 e6 16. Nc1 Ne8 17. Bb4 Nd6 18. Nd3 Rfe8 19. Nc5 Qd8 20. Qd2 Ba8 21. Ba5 Qh4+ 22. Qf2 Qe7 23. 0-0 Nb7 24. Nxb7 Bxb7 25. Kh1 h5 26. a3 Kh7 27. Bb4 Qc7 28. Qe1 Ra8 29. Ba5 Qf4 30. Bd2 Qd6 31. Bb4 Qf4 1/2-1/2

[Event "Llinars del Valles op-A 10th"]
[Site "Llinars del Valles"]
[Date "2016.05.28"]
[Round "8"]
[White "Ribalta Bertran, Esteve"]
[Black "Torras Coloma, Pau"]
[Result "1-0"]
[WhiteElo "1779"]
[BlackElo "1517"]
[PlyCount "75"]
[EventDate "2016.04.02"]
[EventType "swiss"]
[EventRounds "9"]
[EventCountry "ESP"]
[SourceTitle "CBM 172 Extra"]
[Source "ChessBase"]
[SourceDate "2016.06.21"]
[SourceVersion "1"]
[SourceVersionDate "2016.06.21"]
[SourceQuality "1"]

1. d4 Nf6 2. Nf3 g6 3. c4 Bg7 4. Nc3 d6 5. g3 0-0 6. Bg2 Nc6 7. 0-0 Rb8 8. a3 a6 9. Re1 b5 10. cxb5 axb5 11. b4 Nd7 12. Bb2 Nb6 13. e3 Nc4 14. Bc1 e5 15. d5 e4 16. Nd4 Nxd4 17. exd4 f5 18. Bf1 Qf6 19. Nxb5 Rxb5 20. Bxc4 Qxd4 21. Qxd4 Bxd4 22. Bh6 Bxa1 23. Bxb5 Bg7 24. Bxg7 Kxg7 25. Bc6 f4 26. Rxe4 fxg3 27. hxg3 Rf3 28. Re7+ Kh6 29. Re3 Rf7 30. a4 Bd7 31. b5 Bxc6 32. dxc6 Rf5 33. Re7 d5 34. Rxc7 Re5 35. b6 Re1+ 36. Kg2 Rb1 37. b7 d4 38. Rd7 1-0

[Event "Llinars del Valles op-A 10th"]
[Site "Llinars del Valles"]
[Date "2016.04.09"]
[Round "2"]
[White "Ribalta Bertran, Esteve"]
[Black "Costa Trave, Jaume"]
[Result "0-1"]
[WhiteElo "1779"]
[BlackElo "1896"]
[PlyCount "62"]
[EventDate "2016.04.02"]
[EventType "swiss"]
[EventRounds "9"]
[EventCountry "ESP"]
[SourceTitle "CBM 172 Extra"]
[Source "ChessBase"]
[SourceDate "2016.06.21"]
[SourceVersion "1"]
[SourceVersionDate "2016.06.21"]
[SourceQuality "1"]

1. d4 d5 2. Nf3 c6 3. e3 Nf6 4. c4 a6 5. Bd3 Bg4 6. Nbd2 e6 7. 0-0 Bd6 8. h3 Bh5 9. Qc2 Nbd7 10. b3 Rc8 11. Bb2 0-0 12. Ne5 Bg6 13. Ndf3 c5 14. Qe2 cxd4 15. exd4 Bxe5 16. Bxg6 hxg6 17. dxe5 Ne4 18. cxd5 exd5 19. Rfd1 Ndc5 20. Qe3 Qd7 21. Ba3 Rfd8 22. Rac1 Ne6 23. Rxc8 Rxc8 24. Nd4 f5 25. exf6 gxf6 26. Nxe6 Qxe6 27. Qh6 Qf5 28. f3 Ng5 29. Rxd5 Qb1+ 30. Kh2 Nf7 31. Be7 Nxh6 0-1

[Event "Llinars del Valles op-A 10th"]
[Site "Llinars del Valles"]
[Date "2016.04.02"]
[Round "1"]
[White "Molano Lafuente, Ismael"]
[Black "Ribalta Bertran, Esteve"]
[Result "1-0"]
[WhiteElo "2037"]
[BlackElo "1779"]
[PlyCount "29"]
[EventDate "2016.04.02"]
[EventType "swiss"]
[EventRounds "9"]
[EventCountry "ESP"]
[SourceTitle "CBM 172 Extra"]
[Source "ChessBase"]
[SourceDate "2016.06.21"]
[SourceVersion "1"]
[SourceVersionDate "2016.06.21"]
[SourceQuality "1"]

1. b4 e5 2. Bb2 Nf6 3. Bxe5 Bxb4 4. Nc3 Nc6 5. Bxf6 Qxf6 6. Nd5 Qe5 7. c4 Ba5 8. Nf3 Qe4 9. e3 Ne5 10. Qb1 Nxf3+ 11. gxf3 Qxf3 12. Rg1 Bxd2+ 13. Kxd2 Qxf2+ 14. Be2 Qxh2 15. Qe4+ 1-0

[Event "Mataro op 12th"]
[Site "Mataro"]
[Date "2015.10.31"]
[Round "5.7"]
[White "Garcia Pitarch, Raul"]
[Black "Ribalta Bertran, Esteve"]
[Result "1/2-1/2"]
[WhiteElo "1750"]
[BlackElo "1971"]
[PlyCount "48"]
[EventDate "2015.10.03"]
[EventType "swiss"]
[EventRounds "9"]
[EventCountry "ESP"]
[SourceTitle "EXT 2024"]
[Source "ChessBase"]
[SourceDate "2023.10.10"]
[SourceVersion "1"]
[SourceVersionDate "2023.10.10"]
[SourceQuality "1"]

1. b3 e5 2. Bb2 Nc6 3. c4 b6 4. e3 Bb7 5. Nc3 Nf6 6. Qc2 Be7 7. Nf3 Nb4 8. Qd1 d6 9. a3 Nc6 10. Be2 0-0 11. 0-0 Nd7 12. d4 exd4 13. exd4 Re8 14. Nd5 Bf8 15. Ne3 a5 16. d5 Nce5 17. Nd4 Nf6 18. f4 Ng6 19. Ng4 Bc8 20. Nc6 Bxg4 21. Bxg4 Nxg4 22. Nxd8 Ne3 23. Qd2 Nxf1 24. Rxf1 Raxd8 1/2-1/2

[Event "Mataro op 12th"]
[Site "Mataro"]
[Date "2015.10.17"]
[Round "3.6"]
[White "Moriche Vivas, Carlos"]
[Black "Ribalta Bertran, Esteve"]
[Result "0-1"]
[WhiteElo "1760"]
[BlackElo "1971"]
[PlyCount "106"]
[EventDate "2015.10.03"]
[EventType "swiss"]
[EventRounds "9"]
[EventCountry "ESP"]
[SourceTitle "EXT 2024"]
[Source "ChessBase"]
[SourceDate "2023.10.10"]
[SourceVersion "1"]
[SourceVersionDate "2023.10.10"]
[SourceQuality "1"]

1. e4 e6 2. Nc3 d5 3. d4 Bb4 4. Bd3 c5 5. exd5 Qxd5 6. Bb5+ Nc6 7. Bxc6+ bxc6 8. Nf3 Ba6 9. Bd2 Bxc3 10. Bxc3 Qe4+ 11. Kd2 Qf4+ 12. Ke1 Qe4+ 13. Kd2 Nf6 14. Kc1 Be2 15. Ng5 Bxd1 16. Nxe4 Nxe4 17. Rxd1 Nxf2 18. Rf1 Ne4 19. dxc5 Nxc3 20. bxc3 Rb8 21. a4 Ke7 22. Rf4 a5 23. Ra3 e5 24. Re4 Ke6 25. Kd2 f5 26. Re3 e4 27. Rb3 Kd5 28. c4+ Kxc5 29. Kc3 Rhd8 30. Rxb8 Rxb8 31. Re1 Rb4 32. Rf1 Rxc4+ 33. Kb3 Rb4+ 34. Kc3 g6 35. Re1 f4 36. h3 e3 37. Kd3 Rd4+ 38. Ke2 h5 39. Kf3 Kd5 40. g3 g5 41. gxf4 Rxf4+ 42. Kxe3 Re4+ 43. Kf2 Rxe1 44. Kxe1 Kc4 45. Kd2 g4 46. hxg4 hxg4 47. Ke3 Kc3 48. Kf4 Kxc2 49. Kxg4 c5 50. Kf4 c4 51. Ke4 c3 52. Kd4 Kb3 53. Kc5 Kxa4 0-1

[Event "Mataro op 12th"]
[Site "Mataro"]
[Date "2015.10.03"]
[Round "1.3"]
[White "Ribalta Bertran, Esteve"]
[Black "Garcia Ahumada, Lluis"]
[Result "1-0"]
[WhiteElo "1971"]
[BlackElo "1778"]
[PlyCount "79"]
[EventDate "2015.10.03"]
[EventType "swiss"]
[EventRounds "9"]
[EventCountry "ESP"]
[SourceTitle "EXT 2024"]
[Source "ChessBase"]
[SourceDate "2023.10.10"]
[SourceVersion "1"]
[SourceVersionDate "2023.10.10"]
[SourceQuality "1"]

1. e4 e5 2. Nf3 Nc6 3. Bb5 a6 4. Ba4 b5 5. Bb3 Bc5 6. 0-0 Nf6 7. d3 0-0 8. Bg5 d6 9. h3 Qe7 10. Nc3 Be6 11. Nd5 Bxd5 12. Bxd5 Qd7 13. Bxf6 gxf6 14. Nh4 Kh8 15. Nf5 Rg8 16. Qf3 Rae8 17. Bxc6 Qxc6 18. Ne7 Rxe7 19. Qxf6+ Rg7 20. Qxe7 h6 21. Kh2 d5 22. Qd8+ Rg8 23. Qxd5 Qxd5 24. exd5 Rd8 25. c4 bxc4 26. dxc4 Bd6 27. g3 Kg7 28. Kg2 Bc5 29. Rad1 f6 30. Rfe1 Rb8 31. b3 a5 32. f4 exf4 33. gxf4 Bd6 34. Kf3 Kf7 35. Re6 Rg8 36. Rde1 h5 37. Rxd6 cxd6 38. Re6 Rd8 39. Ke4 Rd7 40. Kf5 1-0

[Event "Llinars del Valles op-B 8th"]
[Site "Llinars del Valles"]
[Date "2015.04.25"]
[Round "3"]
[White "Ribalta Bertran, Esteve"]
[Black "Gonzalez Rodriguez, Damian"]
[Result "1-0"]
[WhiteElo "1945"]
[BlackElo "1893"]
[PlyCount "77"]
[EventDate "2015.04.11"]
[EventType "swiss"]
[EventRounds "9"]
[EventCountry "ESP"]
[SourceTitle "EXT 2016"]
[Source "ChessBase"]
[SourceDate "2015.10.08"]
[SourceVersion "1"]
[SourceVersionDate "2015.10.08"]
[SourceQuality "1"]

1. e4 e5 2. Nf3 Nc6 3. Bb5 a6 4. Ba4 Nf6 5. 0-0 Be7 6. Re1 b5 7. Bb3 0-0 8. c3 d6 9. d3 Na5 10. Bc2 Bg4 11. Nbd2 c5 12. d4 Nd7 13. h3 Bh5 14. Nf1 Bxf3 15. Qxf3 exd4 16. cxd4 cxd4 17. Qd3 Nc5 18. Qxd4 Bf6 19. Qd5 Nc4 20. Rb1 Re8 21. f4 Rc8 22. b3 Nb6 23. Qd1 Qc7 24. Bb2 Bxb2 25. Rxb2 Ne6 26. Qd2 Qc5+ 27. Kh2 Nd4 28. Bb1 b4 29. Ne3 Nb5 30. Bd3 a5 31. Bxb5 Qxb5 32. Nf5 Rcd8 33. Nxd6 Qd7 34. Rd1 Re6 35. e5 Nc8 36. Nxc8 Qxd2 37. Rbxd2 Rxc8 38. Rd5 Ra8 39. Rxa5 1-0

[Event "Mataro op 11th"]
[Site "Mataro"]
[Date "2014.11.01"]
[Round "6"]
[White "Ribalta Bertran, Esteve"]
[Black "Cutura Sole, Alexandre"]
[Result "1-0"]
[WhiteElo "1936"]
[BlackElo "1905"]
[PlyCount "81"]
[EventDate "2014.09.27"]
[EventType "swiss"]
[EventRounds "9"]
[EventCountry "ESP"]
[SourceTitle "EXT 2016"]
[Source "ChessBase"]
[SourceDate "2015.10.08"]
[SourceVersion "1"]
[SourceVersionDate "2015.10.08"]
[SourceQuality "1"]

1. e4 e5 2. Nf3 Nf6 3. Nxe5 d6 4. Nf3 Nxe4 5. d4 Nf6 6. Bd3 Be7 7. 0-0 Bg4 8. Re1 0-0 9. Bg5 Re8 10. h3 Bh5 11. c3 Nbd7 12. Nbd2 Bg6 13. Bxg6 hxg6 14. Qb3 Rb8 15. Re2 Nh7 16. Bxe7 Rxe7 17. Rae1 Rxe2 18. Rxe2 Nhf6 19. Nh4 Kf8 20. Ndf3 Nh7 21. g3 Ng5 22. Kg2 Nxf3 23. Nxf3 Qf6 24. Qa4 Qd8 25. Qxa7 b6 26. h4 Qc8 27. Qa3 Ra8 28. Qb3 Nf6 29. a3 Qg4 30. Ng5 Qd7 31. Qc4 Re8 32. Rxe8+ Kxe8 33. Qe2+ Qe7 34. Qb5+ Kf8 35. Qc6 Qd8 36. a4 Ke7 37. b4 Kf8 38. a5 bxa5 39. bxa5 Qb8 40. a6 Qa7 41. Nh7+ 1-0

[Event "Llinars del Valles op-A 8th"]
[Site "Llinars del Valles"]
[Date "2014.04.26"]
[Round "1"]
[White "Morais Carreras, Javier"]
[Black "Ribalta Bertran, Esteve"]
[Result "1-0"]
[WhiteElo "1989"]
[BlackElo "1776"]
[PlyCount "79"]
[EventDate "2014.04.26"]
[EventType "swiss"]
[EventRounds "8"]
[EventCountry "ESP"]
[SourceTitle "EXT 2015"]
[Source "ChessBase"]
[SourceDate "2014.11.20"]
[SourceVersion "1"]
[SourceVersionDate "2014.11.20"]
[SourceQuality "1"]

1. e4 e6 2. d3 d5 3. Nd2 c5 4. Ngf3 Nc6 5. g3 Qc7 6. Bg2 g6 7. 0-0 Bg7 8. exd5 exd5 9. Nb3 b6 10. Bf4 Qd8 11. c3 Nge7 12. d4 c4 13. Nbd2 0-0 14. Re1 h6 15. Ne5 Bb7 16. Nxc6 Bxc6 17. Nf1 Qd7 18. Qd2 Kh7 19. h4 Rfe8 20. Kh2 Rad8 21. Bh3 Qb7 22. Ne3 Bd7 23. Bg2 Rc8 24. Bd6 Be6 25. Be5 Qd7 26. Bxg7 Kxg7 27. Bf3 Rcd8 28. Ng2 Bg4 29. Qf4 Bxf3 30. Qxf3 Ng8 31. Nf4 Nf6 32. Kg1 Qf5 33. b3 b5 34. bxc4 bxc4 35. Rab1 Rxe1+ 36. Rxe1 Ne4 37. Kg2 Nf6 38. Re5 Qc2 39. Re7 a5 40. Ne6+ 1-0

[Event "Roncana op-A 7th"]
[Site "Santa Eulalia de Roncana"]
[Date "2013.11.23"]
[Round "7"]
[White "Ribalta Bertran, Esteve"]
[Black "Oms Bruguera, Arnau"]
[Result "1-0"]
[WhiteElo "1781"]
[BlackElo "1573"]
[PlyCount "31"]
[EventDate "2013.10.05"]
[EventType "swiss"]
[EventRounds "8"]
[EventCountry "ESP"]
[SourceTitle "CBM 157 Extra"]
[Source "ChessBase"]
[SourceDate "2013.12.19"]
[SourceVersion "1"]
[SourceVersionDate "2013.12.19"]
[SourceQuality "1"]

1. e4 c6 2. d4 d5 3. Nc3 dxe4 4. Nxe4 Bf5 5. Ng3 Bg6 6. h4 h6 7. Nf3 e6 8. Ne5 Bh7 9. Bc4 Nf6 10. Qe2 Qc7 11. 0-0 Nbd7 12. Nxf7 Rg8 13. Qxe6+ Be7 14. Nf5 Nf8 15. N5d6+ Qxd6 16. Nxd6+ 1-0

[Event "Maresme op 9th"]
[Site "Maresme"]
[Date "2012.12.01"]
[Round "9"]
[White "Ruiz Molina, Gabriel"]
[Black "Ribalta Bertran, Esteve"]
[Result "1/2-1/2"]
[WhiteElo "2086"]
[BlackElo "1938"]
[PlyCount "72"]
[EventDate "2012.09.29"]
[EventType "swiss"]
[EventRounds "9"]
[EventCountry "ESP"]
[SourceTitle "EXT 2014"]
[Source "ChessBase"]
[SourceDate "2013.11.20"]
[SourceVersion "1"]
[SourceVersionDate "2013.11.20"]
[SourceQuality "1"]

1. d4 d5 2. c4 e6 3. Nc3 Nf6 4. Bg5 Be7 5. Nf3 0-0 6. e3 h6 7. Bh4 Ne4 8. Bxe7 Qxe7 9. Bd3 Nxc3 10. bxc3 dxc4 11. Bxc4 c5 12. 0-0 b6 13. Ne5 Bb7 14. f4 Nd7 15. Nxd7 Qxd7 16. Qg4 Be4 17. a4 Rac8 18. Bb5 Qe7 19. Rfc1 cxd4 20. exd4 Qf6 21. Qg3 Bd5 22. Bd3 Rfd8 23. Ba6 Rc6 24. Qe3 Qg6 25. Qd2 Rc7 26. a5 bxa5 27. Rxa5 Rb8 28. Bf1 Rb3 29. c4 Be4 30. Ra2 Rcb7 31. c5 Qf6 32. c6 Rc7 33. Ra6 Rb6 34. Rxb6 axb6 35. Qb4 Qxf4 36. Ra1 Rxc6 1/2-1/2